000 00277pam a2200121 a 4500
020 _c
041 _h
082 _a708
_bRAY
245 _aShyamal Dutta Ray
_b Shyamal Dutta Ray
_hTextual Documents
250 _a 2001.
260 _a[s.l]:
_bVadhera Art Gallery
930 _a1231
999 _c235021
_d235021